[Event "CZE-chT2A 2223"]
[Site "Czech Republic"]
[Date "2023.03.26"]
[Round "11.6"]
[White "Mares, Vladimir"]
[Black "Bechynsky, Jan"]
[Result "1-0"]
[WhiteElo "1961"]
[BlackElo "1982"]
[PlyCount "97"]
[EventDate "2022.10.16"]
[EventType "team-tourn"]
[EventRounds "11"]
[EventCountry "CZE"]
[SourceTitle "EXT 2024"]
[Source "ChessBase"]
[SourceDate "2023.10.10"]
[SourceVersion "1"]
[SourceVersionDate "2023.10.10"]
[SourceQuality "1"]
[WhiteTeam "Pribram"]
[BlackTeam "Plzen"]
[WhiteTeamCountry "CZE"]
[BlackTeamCountry "CZE"]

1. e4 Nf6 2. e5 Nd5 3. c4 Nb6 4. c5 Nd5 5. Nc3 e6 6. Nxd5 exd5 7. d4 d6 8. cxd6 cxd6 9. Nf3 dxe5 10. Nxe5 Nc6 11. Nxc6 bxc6 12. Be2 Bd6 13. 0-0 0-0 14. Bd3 Qf6 15. Be3 Re8 16. Rc1 Bd7 17. Qd2 Qh4 18. g3 Qh3 19. Rfe1 Rab8 20. Bf4 Rxe1+ 21. Rxe1 Bb4 22. Qe3 Rf8 23. Bf1 Qf5 24. Bd3 Qh5 25. Be2 Qg6 26. Bd3 Bf5 27. Bxf5 Qxf5 28. Rc1 Qd7 29. a3 Ba5 30. b4 Bb6 31. Qc3 Rc8 32. a4 a6 33. Be3 h5 34. b5 axb5 35. axb5 h4 36. bxc6 Qg4 37. Qd3 h3 38. Bf4 Bxd4 39. c7 g5 40. Bd6 Bb6 41. Qxd5 Re8 42. Qb5 Bxf2+ 43. Kxf2 Qd4+ 44. Kf1 Qf6+ 45. Bf4 gxf4 46. Qxe8+ Kg7 47. Qh8+ Kxh8 48. c8Q+ Kg7 49. Qg4+ 1-0

[Event "CZE-chT2A 2223"]
[Site "Czech Republic"]
[Date "2023.03.05"]
[Round "10.7"]
[White "Mares, Vladimir"]
[Black "Simacek, Vaclav"]
[Result "1-0"]
[WhiteElo "1949"]
[BlackElo "1879"]
[PlyCount "47"]
[EventDate "2022.10.16"]
[EventType "team-tourn"]
[EventRounds "11"]
[EventCountry "CZE"]
[SourceTitle "EXT 2024"]
[Source "ChessBase"]
[SourceDate "2023.10.10"]
[SourceVersion "1"]
[SourceVersionDate "2023.10.10"]
[SourceQuality "1"]
[WhiteTeam "Pribram"]
[BlackTeam "Klatovy"]
[WhiteTeamCountry "CZE"]
[BlackTeamCountry "CZE"]

1. Nf3 Nf6 2. g3 c5 3. Bg2 Nc6 4. 0-0 d5 5. d3 e5 6. Nbd2 Be7 7. c3 0-0 8. Qc2 Be6 9. Re1 Qd7 10. a3 Rab8 11. e4 d4 12. c4 b5 13. Ng5 bxc4 14. Nxe6 cxd3 15. Nxf8 dxc2 16. Nxd7 Nxd7 17. Bf1 Na5 18. Bd3 c4 19. Bxc2 d3 20. Nxc4 dxc2 21. Nxa5 Rc8 22. Re3 Bd8 23. Nb7 Rb8 24. Nxd8 1-0

[Event "CZE-chT2A 1819"]
[Site "Czech Republic"]
[Date "2018.11.18"]
[Round "3.7"]
[White "Pilny, Jiri"]
[Black "Mares, Vladimir"]
[Result "0-1"]
[WhiteElo "1961"]
[BlackElo "1955"]
[PlyCount "106"]
[EventDate "2018.10.14"]
[EventType "team-tourn"]
[EventRounds "11"]
[EventCountry "CZE"]
[SourceTitle "EXT 2022"]
[Source "ChessBase"]
[SourceDate "2021.10.06"]
[SourceVersion "1"]
[SourceVersionDate "2021.10.06"]
[SourceQuality "1"]
[WhiteTeam "Ricany"]
[BlackTeam "Pribram Banik"]
[WhiteTeamCountry "CZE"]
[BlackTeamCountry "CZE"]

1. d4 e6 2. Nf3 d5 3. Bf4 c6 4. Nbd2 f5 5. e3 Nf6 6. Ne5 Bd6 7. Bd3 Qe7 8. Ndf3 Nbd7 9. c3 0-0 10. b4 Ne4 11. Bxe4 fxe4 12. Nxd7 Bxd7 13. Bxd6 Qxd6 14. Ne5 a5 15. a3 b5 16. 0-0 a4 17. f3 exf3 18. Rxf3 Rf5 19. Qe2 Raf8 20. Raf1 Be8 21. g4 R5f6 22. e4 Qd8 23. Kg2 Bg6 24. Nxg6 hxg6 25. Kg3 dxe4 26. Qxe4 Qd5 27. Qxd5 cxd5 28. h4 Kf7 29. Re1 Rxf3+ 30. Kxf3 Rh8 31. Kg3 Kf6 32. Re3 Ke7 33. Rf3 Rc8 34. g5 e5 35. dxe5 Ke6 36. Re3 Rc4 37. Kh3 Rf4 38. Kg3 Rc4 39. Kh3 Rf4 40. Kg3 Rf1 41. Rf3 Ra1 42. c4 bxc4 43. Kf4 Rb1 44. Rh3 Rb3 45. Re3 c3 46. Re2 Rxa3 47. Ke3 c2+ 48. Kd2 d4 49. Re4 Rc3 50. Kc1 d3 51. Re1 a3 52. Kd2 Rb3 53. Ra1 Rb1 0-1

[Event "CZE-chTV 0001"]
[Site "Czech Republic"]
[Date "2001.??.??"]
[Round "8"]
[White "Mares, Vladimir"]
[Black "Pospech, Roman"]
[Result "0-1"]
[WhiteElo "1990"]
[BlackElo "1975"]
[PlyCount "98"]
[EventDate "2000.??.??"]
[EventType "team"]
[EventRounds "11"]
[EventCountry "CZE"]
[SourceTitle "EXT 2003"]
[Source "ChessBase"]
[SourceDate "2002.11.25"]
[SourceVersion "1"]
[SourceVersionDate "2002.11.25"]
[SourceQuality "1"]

1. d4 Nf6 2. Nf3 e6 3. g3 b6 4. Bg2 Bb7 5. 0-0 Be7 6. c3 Qc8 7. Re1 Ne4 8. Nbd2 0-0 9. Nxe4 Bxe4 10. Nd2 Bxg2 11. Kxg2 Qb7+ 12. Kg1 c5 13. e4 Na6 14. a3 d6 15. Qe2 Nc7 16. Nf3 Rae8 17. Bf4 f5 18. e5 d5 19. Rec1 c4 20. h4 b5 21. Kg2 a5 22. Ng5 Bxg5 23. hxg5 g6 24. Rh1 Re7 25. Bd2 Rb8 26. g4 Rf7 27. gxf5 Rxf5 28. Rh6 Rbf8 29. f4 Qb6 30. Rah1 R5f7 31. Qe1 Rg7 32. Qh4 Rff7 33. Qg4 b4 34. axb4 axb4 35. Ra1 Rf8 36. Qd1 Nb5 37. Rh3 Ra7 38. Ra4 bxc3 39. bxc3 Rfa8 40. Rxa7 Rxa7 41. Rf3 Ra3 42. Qb1 Qa5 43. Rf2 Rb3 44. Qh1 Qa3 45. Qh3 Nxd4 46. Qg4 Nf5 47. Qh3 d4 48. Be1 Rb1 49. Bd2 Qa8+ 0-1